Skvalitniť spoločenské ovplyvňovanie voľného času detí a mládeže

Podrobná bibliografia
Hlavný autor: Fábry, Viliam, 1929- (Autor)
Médium: Článok
Jazyk:slovenčina
Predmet:

MARC

LEADER 00000nab a2200000 a 4500
001 vtls000265036
003 SK-MaSNL
005 20260303210725.0
008 111130c1986 xo 0 slo
015 |a SNBRB19rr/mm-uuuuu 
035 |a CL0275150 
040 |a SNKBUCL  |b slo  |c SNKBUCL  |e AACR2 
041 0 |a slo 
044 |a xo  |c SK 
080 |a 379.8  |2 1981 
100 1 |a Fábry, Viliam,  |d 1929-  |4 aut  |9 206654 
245 1 0 |a Skvalitniť spoločenské ovplyvňovanie voľného času detí a mládeže  |c Viliam Fábry 
650 0 7 |a deti  |2 snkbucl  |9 773 
650 0 7 |a mládež  |2 snkbucl  |9 1575 
650 0 7 |a voľný čas  |2 snkbucl  |9 3355 
655 7 |a články z novín a časopisov  |2 snkbucl  |9 267496 
773 0 |t Osvetová práca  |g Roč. 36, č. 25 (1986), s. 23-24 
850 |a Slovenská národná knižnica v Martine  |a MTA001 
852 |a SNK  |b KIS3GCP 
958 |a RK 
992 |a RBX 
999 |c 2201374  |d 2203304